000 00604nam a2200241Ia 4500
003 OSt
005 20221006150558.0
006 a|||||r|||| 00| 0
007 ta
008 221006b |||||||| |||| 00| 0 chi d
020 _c
_4.00
024 _a19,126
037 _cTextual
040 _aEASL
_cEASL
_bchi
041 _2chi
_achi
082 _aV41y7N7, L9
100 _aGUOMO JO
_9657044
245 0 _aLi shi ren wu
260 _aBeijing
_bRen Min Min Wen Xue Chu Banshe
_c1979
300 _a243p.
_ccm.
942 _hV41y7N7, L9
_cTEXL
_2CC
999 _c1087212
_d1087212